| 000 | 00820nam a2200253 a 4500 | ||
|---|---|---|---|
| 001 | adlib96000001 | ||
| 003 | ViArRB | ||
| 005 | 200902210153555.7 | ||
| 008 | 960221s1955 dcuabcdjdbkoqu001 0deng d | ||
| 020 | _a9788131715475 | ||
| 022 | _a | ||
| 040 | _aAdlib | ||
| 082 | _a658.8 | ||
| 245 | _aPrinciples of marketing | ||
| 250 | _a12nd ed. | ||
| 260 |
_aNew Delhi _bPearson Education _c2008 |
||
| 300 |
_axxxii,557p. _c |
||
| 500 | _a | ||
| 100 |
_aKotler,Philip _e |
||
| 700 |
_aArmstrong, Gray _a |
||
| 942 | _cBK | ||
| 653 |
_aDistribution- Economics _aMerchandising _aMarketing _aDirect selling _aFarm- produce _aSales management _aTelemarketing _aBusiness _aManagement |
||
| 952 |
_w2010-06-16 _p00062498 _r2013-02-26 _40 _00 _bUL _m2 _10 _o658.8 KOT _d2010-06-16 _q2013-03-13 _70 _yBK _s2013-02-26 _l17 _aUL |
||
| 999 |
_c55949 _d55948 |
||